000 00566nam a22001817a 4500
008 170211b2016 gt||||| |||| 00| 0 spa d
082 0 4 _a861
_bO149o
110 1 _aEdiciones Bizarras.
_95729
245 1 0 _a[Obyección/ :
_bde- sujetos personales -y- extras] /
_cEdiciones Bizarras.
250 _a1a ed.
260 _aGuatemala :
_bEdiciones Bizarras, Publicaciones del Barco Ebrio,
_c[2016].
300 _a38 p.
653 1 0 _aLiteratura
653 1 0 _aPoesía
653 1 0 _aLiteratura - Guatemala
653 1 0 _aArte - Poesía
653 1 0 _aLiteratura Latinoamericana
999 _c1145
_d1145